000 00678nam a22001937a 4500
003 0
005 20250909150933.0
008 250909b xxu||||| |||| 00| 0 eng d
020 _a978-0170464710
050 _aHB 172
_b.P75 2024
245 _aPrinciples of microeconomics /
_cJoshua Gans, Stephen King, Martin Byford, and N Gregory Mankiw.
250 _aNinth Asia-Pacific edition.
260 _aSouthbank VIC, Australia :
_bCengage Learning Australia,
_c2024.
300 _axxiii, 500 pages :
_bcolored illustrations ;
_c28 cm.
504 _aIncludes bibliographical references and index.
650 _aMicroeconomics.
650 _aEconomics
_xTextbooks.
942 _2lcc
_cBK
999 _c367844
_d367844